Theodore Sorensen and the Kennedys A Life of Public Service /

Of the hundreds of books written about John F. Kennedy, none have yet taken the full measure of the role that Theodore Sorensen played in shaping his presidency. Serving as President Kennedy's speechwriter from 1952 until 1963, Sorensen was a key advisor in the White House and a gatekeeper of t...

Πλήρης περιγραφή

Λεπτομέρειες βιβλιογραφικής εγγραφής
Κύριος συγγραφέας: Ulyatt, Michelle A. (Συγγραφέας, http://id.loc.gov/vocabulary/relators/aut)
Συγγραφή απο Οργανισμό/Αρχή: SpringerLink (Online service)
Μορφή: Ηλεκτρονική πηγή Ηλ. βιβλίο
Γλώσσα:English
Έκδοση: Cham : Springer International Publishing : Imprint: Palgrave Macmillan, 2019.
Έκδοση:1st ed. 2019.
Θέματα:
Διαθέσιμο Online:Full Text via HEAL-Link
LEADER 03197nam a2200481 4500
001 978-3-030-15796-8
003 DE-He213
005 20191023112319.0
007 cr nn 008mamaa
008 190403s2019 gw | s |||| 0|eng d
020 |a 9783030157968  |9 978-3-030-15796-8 
024 7 |a 10.1007/978-3-030-15796-8  |2 doi 
040 |d GrThAP 
050 4 |a E171-183.9 
072 7 |a HBJK  |2 bicssc 
072 7 |a HIS036000  |2 bisacsh 
072 7 |a NHK  |2 thema 
082 0 4 |a 973  |2 23 
100 1 |a Ulyatt, Michelle A.  |e author.  |4 aut  |4 http://id.loc.gov/vocabulary/relators/aut 
245 1 0 |a Theodore Sorensen and the Kennedys  |h [electronic resource] :  |b A Life of Public Service /  |c by Michelle A. Ulyatt. 
250 |a 1st ed. 2019. 
264 1 |a Cham :  |b Springer International Publishing :  |b Imprint: Palgrave Macmillan,  |c 2019. 
300 |a XIII, 257 p. 4 illus.  |b online resource. 
336 |a text  |b txt  |2 rdacontent 
337 |a computer  |b c  |2 rdamedia 
338 |a online resource  |b cr  |2 rdacarrier 
347 |a text file  |b PDF  |2 rda 
505 0 |a 1. Growing up on the Great Plains -- 2. Meeting Kennedy -- 3. Making Kennedy matter -- 4. Running with Kennedy -- 5. Into the White House -- 6. The domestic agenda -- 7. Early foreign policy challenges -- 8. From arrows to olive branches -- 9. Life after Kennedy -- 10. A private life in public service -- 11. Epilogue. 
520 |a Of the hundreds of books written about John F. Kennedy, none have yet taken the full measure of the role that Theodore Sorensen played in shaping his presidency. Serving as President Kennedy's speechwriter from 1952 until 1963, Sorensen was a key advisor in the White House and a gatekeeper of the Kennedy legacy in the years after his assassination. This book presents a compelling portrait of Sorensen's life and place in the American political landscape. He became an outspoken critic of corruption in politics, a vocal opponent of the militarist foreign policy approach that successive administrations adopted, and an advisor to Democratic presidential candidates such as Robert F. Kennedy and Barack Obama. Taking up questions about the role of presidential advisors and the concept of public service, an ideal that was central to the most famous of the speeches that Sorensen wrote for President Kennedy, Michelle A. Ulyatt offers new insight into Sorensen's influence on the Kennedy years and the generation of leaders who came after. 
650 0 |a United States-History. 
650 0 |a World politics. 
650 0 |a International relations. 
650 1 4 |a US History.  |0 http://scigraph.springernature.com/things/product-market-codes/718010 
650 2 4 |a Political History.  |0 http://scigraph.springernature.com/things/product-market-codes/911080 
650 2 4 |a Foreign Policy.  |0 http://scigraph.springernature.com/things/product-market-codes/912040 
710 2 |a SpringerLink (Online service) 
773 0 |t Springer eBooks 
776 0 8 |i Printed edition:  |z 9783030157951 
776 0 8 |i Printed edition:  |z 9783030157975 
776 0 8 |i Printed edition:  |z 9783030157982 
856 4 0 |u https://doi.org/10.1007/978-3-030-15796-8  |z Full Text via HEAL-Link 
912 |a ZDB-2-HTY 
950 |a History (Springer-41172)